• 首页
  • 本馆介绍
  • 公告通知
  • 最新文献
  • 馆藏检索
  • 电子资源
  • 读者导购
  • 参考咨询
  • 我的图书馆
  • 登录
  • 详细信息显示
  • 放入我的书架
  • 预约/预借图书
  • 作者相关作品
  • 分类相关作品
  • 丛书相关作品
  • 出版社相关作品

书目信息

  • 表格格式
  • 工作单格式
  • 卡片格式
题名:
基于区块链技术的我国跨境电子商务出口贸易问题解决对策
    
 
作者: 陈曦, 著
分册:  
出版信息: 北京   经济管理出版社  2021.10
页数: 191页
开本: 24cm
丛书名:
单 册:
中图分类: F713.365 , F752.62
科图分类:
主题词: 电子商务--dian zi shang wu--出口贸易--研究--中国
电子资源:
ISBN: 978-7-5096-8211-1
000 01696nam0 2200289 450
001 CAL 004202707
005 20230217093113.0
010    @a978-7-5096-8211-1@dCNY78.00
100    @a20211108d2021 em y0chiy0120 ea
101 0  @achi
102    @aCN@b110000
105    @aa a 000yy
106    @ar
200 1  @a基于区块链技术的我国跨境电子商务出口贸易问题解决对策@Aji yu qu kuai lian ji shu de wo guo kua jing dian zi shang wu chu kou mao yi wen ti jie jue dui ce@d= Solutions to the problems of cross-border E-commerce export trade based on blockchain technology in China@f陈曦著@zeng
210    @a北京@c经济管理出版社@d2021.10
215    @a191页@c图@d24cm
300    @a山东省社会科学规划研究项目“基于区块链技术的山东省跨境电商出口贸易问题解决对策研究”
314    @a陈曦, 1993年8月出生, 山东济南人。毕业于韩国又石大学, 工商管理学博士。
320    @a有书目 (第184-189页)
330    @a本书对跨境电子商务的已有文献作了一个系统的回顾和梳理, 并从区块链技术的角度, 以跨境电子商务为主线进行了研究, 为分析我国跨境贸易的经济影响奠定了基础。在开篇介绍了全球跨境电子商务的现状。在给出相应的解决措施之前, 探讨了跨境电子商务出口贸易发展面临的问题, 分析了区块链技术的应用现状, 并以阿里巴巴、京东为案例, 考察了区块链技术和跨境电子商务之间的联系。最后, 利用宏观层面的数据, 评估了区块链技术对跨境电子商务的经济意义, 并据之提出了合理化的建议。
510 1  @aSolutions to the problems of cross-border E-commerce export trade based on blockchain technology in China@zeng
606 0  @a电子商务@Adian zi shang wu@x出口贸易@x研究@y中国
690    @aF713.365@v5
690    @aF752.62@v5
701  0 @a陈曦,@Achen xi@f1993-@4著
801  0 @aCN@bBJXHZP@c20230228
905    @b1404925-8@dF713.365@e1365@f4
    
    基于区块链技术的我国跨境电子商务出口贸易问题解决对策= Solutions to the problems of cross-border E-commerce export trade based on blockchain technology in China/陈曦著.-北京:经济管理出版社,2021.10
    191页:图;24cm
    山东省社会科学规划研究项目“基于区块链技术的山东省跨境电商出口贸易问题解决对策研究”
    
    ISBN 978-7-5096-8211-1:CNY78.00
    本书对跨境电子商务的已有文献作了一个系统的回顾和梳理, 并从区块链技术的角度, 以跨境电子商务为主线进行了研究, 为分析我国跨境贸易的经济影响奠定了基础。在开篇介绍了全球跨境电子商务的现状。在给出相应的解决措施之前, 探讨了跨境电子商务出口贸易发展面临的问题, 分析了区块链技术的应用现状, 并以阿里巴巴、京东为案例, 考察了区块链技术和跨境电子商务之间的联系。最后, 利用宏观层面的数据, 评估了区块链技术对跨境电子商务的经济意义, 并据之提出了合理化的建议。
●
相关链接 在E读中查询图书 在五车中查询图书 在当当中查询图书 在豆瓣中查询图书


正题名:基于区块链技术的我国跨境电子商务出口贸易问题解决对策     索取号:F713.365/1365         预约/预借

序号 登录号 条形码 馆藏地/架位号 状态 备注
1 1404925   214049251   第一样本阅览室/ [索取号:F713.365/1365] 在馆    
2 1404926   214049260   第一借阅区/ [索取号:F713.365/1365] 在馆    
3 1404927   214049279   第一借阅区/ [索取号:F713.365/1365] 在馆    
4 1404928   214049288   第一借阅区/ [索取号:F713.365/1365] 在馆    
唐山师范学院图书馆 欢迎您!
大连网信软件有限公司© 版权所有